[Event "2nd BEHIN BAZAFARIN-Tehran"]
[Site "Tehran"]
[Date "2014.11.15"]
[Round "1.1"]
[White "Ghaderi, Farzaneh"]
[Black "Amonatov, Farrukh"]
[Result "0-1"]
[WhiteElo "1758"]
[BlackElo "2608"]
[Annotator "www.Chessboard.ir"]
[PlyCount "78"]
[EventDate "2014.??.??"]
[EventRounds "2"]
[EventCountry "IRI"]

1. d4 Nf6 2. c4 g6 3. Nc3 Bg7 4. e4 O-O 5. Nge2 d6 6. Ng3 e5 7. d5 Nbd7 8. Be2
Nc5 9. b4 Ncd7 10. O-O a5 11. b5 Nc5 12. Be3 b6 13. Bxc5 dxc5 14. Qd2 Ne8 15.
Bd3 Nd6 16. Nce2 h5 17. Rae1 Bd7 18. a4 Qe7 19. f3 Rae8 20. Nc3 Kh7 21. Qf2 Bh6
22. Nd1 h4 23. Nh1 f5 24. exf5 gxf5 25. Qc2 Qg7 26. Nhf2 Rg8 27. Nh3 Kh8 28.
Kh1 Re7 29. Rg1 e4 30. fxe4 fxe4 31. Be2 Nf5 32. Bh5 e3 33. Nc3 Nd4 34. Qd3 Qe5
35. Bf3 Bxh3 36. gxh3 Rxg1+ 37. Rxg1 e2 38. Bxe2 Nxe2 39. Nxe2 Qxe2 0-1

[Event "2nd BEHIN BAZAFARIN-Tehran"]
[Site "Tehran"]
[Date "2014.11.15"]
[Round "1.2"]
[White "Korneev, Oleg"]
[Black "Ghasempour, Hossein"]
[Result "1-0"]
[WhiteElo "2588"]
[BlackElo "1758"]
[Annotator "www.Chessboard.ir"]
[PlyCount "53"]
[EventDate "2014.??.??"]
[EventRounds "2"]
[EventCountry "IRI"]

1. e4 c5 2. Nf3 d6 3. d4 cxd4 4. Nxd4 Nf6 5. Nc3 a6 6. Be3 Nc6 7. f3 Bd7 8. Qd2
Rc8 9. O-O-O Ne5 10. Kb1 b5 11. g4 b4 12. Nd5 Nxd5 13. exd5 Nc4 14. Bxc4 Rxc4
15. b3 Rc3 16. Ne2 Rxe3 17. Qxe3 a5 18. Rhe1 g6 19. Qd4 Rg8 20. Qc4 Qb6 21. Nd4
Qc5 22. Qa6 Bg7 23. Nc6 Kf8 24. Qa8+ Be8 25. Rxe7 Qxc6 26. dxc6 Kxe7 27. c7 1-0

[Event "2nd BEHIN BAZAFARIN-Tehran"]
[Site "Tehran"]
[Date "2014.11.15"]
[Round "1.3"]
[White "Mashayekhi, Ehsan"]
[Black "Ghaem Maghami, Ehsan"]
[Result "0-1"]
[WhiteElo "1758"]
[BlackElo "2559"]
[Annotator "www.Chessboard.ir"]
[PlyCount "108"]
[EventDate "2014.??.??"]
[EventRounds "2"]
[EventCountry "IRI"]

1. e4 c5 2. Nf3 e6 3. d4 cxd4 4. Nxd4 a6 5. Be3 Nf6 6. Nc3 Qc7 7. a3 b5 8. Be2
Bb7 9. Bf3 d6 10. O-O Nbd7 11. Re1 Be7 12. g3 O-O 13. Bg2 Rac8 14. f4 Rfe8 15.
Bf2 Nb6 16. e5 dxe5 17. Ndxb5 axb5 18. Nxb5 Qb8 19. Bxb7 Qxb7 20. fxe5 Ne4 21.
Qf3 Nd5 22. Qxe4 Qxb5 23. Bd4 Bc5 24. Bxc5 Qxc5+ 25. Kh1 Qxc2 26. Qxc2 Rxc2 27.
b4 g5 28. Re4 Rec8 29. b5 Rb2 30. a4 Rcc2 31. h4 Nc3 32. Ree1 gxh4 33. gxh4 Rb4
34. h5 h6 35. a5 Nxb5 36. a6 Na7 37. Red1 Rc7 38. Rd8+ Kh7 39. Rad1 Ra4 40.
R1d7 Rxd7 41. Rxd7 Rxa6 42. Rxf7+ Kg8 43. Rf6 Kg7 44. Rg6+ Kh7 45. Kg2 Nb5 46.
Rf6 Nd4 47. Rf7+ Kg8 48. Rd7 Nf5 49. Kf3 Ng7 50. Rd8+ Kh7 51. Rd7 Ra4 52. Re7
Rh4 53. Ke3 Rxh5 54. Kd4 Rf5 0-1

[Event "2nd BEHIN BAZAFARIN-Tehran"]
[Site "Tehran"]
[Date "2014.11.15"]
[Round "1.4"]
[White "Malakhatko, Vadim"]
[Black "Ghalamzan, Mohammad"]
[Result "1-0"]
[WhiteElo "2533"]
[BlackElo "1757"]
[Annotator "www.Chessboard.ir"]
[PlyCount "65"]
[EventDate "2014.??.??"]
[EventRounds "2"]
[EventCountry "IRI"]

1. c4 Nf6 2. Nc3 g6 3. e4 d6 4. d4 Bg7 5. Nf3 c5 6. Be2 cxd4 7. Nxd4 O-O 8. O-O
b6 9. Bg5 Bb7 10. f3 Nc6 11. Nc2 Rc8 12. Qd2 Qc7 13. Rac1 Ne5 14. b3 Qb8 15.
Nb4 Ned7 16. Rfd1 Rfe8 17. Bf1 a5 18. Nbd5 Bc6 19. Ne2 Qb7 20. Nd4 Bxd5 21.
cxd5 Rxc1 22. Rxc1 Rc8 23. Nc6 Bf8 24. Bb5 Ne5 25. Nxe5 dxe5 26. Be3 Ne8 27.
Rxc8 Qxc8 28. Bxb6 Nd6 29. Bd3 e6 30. dxe6 Qxe6 31. Bxa5 Qc8 32. Qc2 Qa8 33.
Qc3 1-0

[Event "2nd BEHIN BAZAFARIN-Tehran"]
[Site "Tehran"]
[Date "2014.11.15"]
[Round "1.6"]
[White "Darini, Pouria"]
[Black "Asgharzadeh, Mitra"]
[Result "1-0"]
[WhiteElo "2458"]
[BlackElo "1749"]
[Annotator "www.Chessboard.ir"]
[PlyCount "41"]
[EventDate "2014.??.??"]
[EventRounds "2"]
[EventCountry "IRI"]

1. e4 e5 2. Nf3 d6 3. d4 exd4 4. Nxd4 g6 5. Nc3 Bg7 6. Be3 Nf6 7. Qd2 O-O 8.
O-O-O Nc6 9. Nxc6 bxc6 10. Bh6 Qe7 11. h4 Nxe4 12. Nxe4 Qxe4 13. Bxg7 Kxg7 14.
h5 Rh8 15. Re1 Qf5 16. h6+ Kf8 17. Qc3 Rg8 18. Qxc6 Bb7 19. Qxb7 Qc8 20. Qc6 a6
21. Bc4 1-0

[Event "2nd BEHIN BAZAFARIN-Tehran"]
[Site "Tehran"]
[Date "2014.11.15"]
[Round "1.7"]
[White "Jahankhani, Hojatollah"]
[Black "Alavi, Sayed Javad"]
[Result "0-1"]
[WhiteElo "1748"]
[BlackElo "2458"]
[Annotator "www.Chessboard.ir"]
[PlyCount "84"]
[EventDate "2014.??.??"]
[EventRounds "2"]
[EventCountry "IRI"]

1. Nf3 d5 2. g3 c6 3. Bg2 Bg4 4. d4 Nd7 5. O-O e6 6. Nc3 Ngf6 7. Re1 Bb4 8. a3
Bxc3 9. bxc3 O-O 10. Rb1 b5 11. h3 Bf5 12. Nd2 Qa5 13. Rb3 Nb6 14. e4 Nxe4 15.
Nxe4 dxe4 16. Bxe4 Bxe4 17. Rxe4 Rad8 18. Qf3 Nd5 19. Bg5 Rde8 20. Rg4 f5 21.
Rh4 Rf7 22. Bf4 Qa4 23. Be5 g6 24. Qe2 Rd7 25. g4 a5 26. Qd2 f4 27. Rh6 Qc4 28.
Qd3 Qxd3 29. cxd3 a4 30. Rb2 Nxc3 31. h4 Nd5 32. Kg2 b4 33. axb4 a3 34. Ra2 Ra8
35. h5 Nxb4 36. Ra1 Nc2 37. Rh1 g5 38. Rxe6 a2 39. d5 Rxd5 40. Ba1 Rb5 41. Rxc6
Nxa1 42. Rxa1 Rb1 0-1

[Event "2nd BEHIN BAZAFARIN-Tehran"]
[Site "Tehran"]
[Date "2014.11.15"]
[Round "1.10"]
[White "Pourramezanali, Amirreza"]
[Black "Keshmiri, Abdol Rahman"]
[Result "1-0"]
[WhiteElo "2414"]
[BlackElo "1741"]
[Annotator "www.Chessboard.ir"]
[PlyCount "79"]
[EventDate "2014.??.??"]
[EventRounds "2"]
[EventCountry "IRI"]

1. e4 {[%emt 0:00:00]} e5 2. Nf3 Nc6 3. Bc4 Bc5 4. O-O Nf6 5. d4 d5 6. exd5 Na5
7. dxc5 Nxc4 8. b3 e4 9. bxc4 exf3 10. Re1+ Be6 11. Qxf3 Qd7 12. dxe6 fxe6 13.
Nc3 a6 14. Bg5 O-O 15. Rad1 Qc6 16. Qxc6 bxc6 17. Rxe6 Ng4 18. f3 Rae8 19. Rxe8
Rxe8 20. fxg4 h6 21. Bf4 Re7 22. h4 Rf7 23. g3 g5 24. hxg5 hxg5 25. Bxg5 Rf3
26. Ne4 Kg7 27. Rd7+ Rf7 28. Bf6+ Kg6 29. Rxf7 Kxf7 30. g5 a5 31. Kf2 a4 32.
Ke3 a3 33. Kf4 Kg6 34. Kg4 Kf7 35. Kf5 Kg8 36. g6 Kf8 37. Ng5 Kg8 38. Nf7 Kf8
39. Nh6 Ke8 40. Ke6 1-0

[Event "2nd BEHIN BAZAFARIN-Tehran"]
[Site "Tehran"]
[Date "2014.11.15"]
[Round "1.11"]
[White "Khalili, Atieh"]
[Black "Mahjoob, Morteza"]
[Result "0-1"]
[WhiteElo "1740"]
[BlackElo "2412"]
[Annotator "www.Chessboard.ir"]
[PlyCount "62"]
[EventDate "2014.??.??"]
[EventRounds "2"]
[EventCountry "IRI"]

1. d4 {[%emt 0:00:00]} g6 2. Nf3 Bg7 3. c4 d6 4. Nc3 Nd7 5. Bg5 h6 6. Bh4 f5 7.
e3 Ngf6 8. h3 e5 9. Nd2 g5 10. Bg3 f4 11. Bh2 Qe7 12. Be2 O-O 13. O-O exd4 14.
exd4 Qf7 15. Re1 Nb8 16. Nde4 Nxe4 17. Nxe4 Nc6 18. d5 Nd4 19. Bh5 Qf5 20. Bg4
Qg6 21. Bh5 Qh7 22. Kh1 f3 23. gxf3 Bxh3 24. Rc1 Bf5 25. Bg3 Bg6 26. Bxg6 Qxg6
27. Re3 Nxf3 28. c5 g4 29. cxd6 Qh5+ 30. Bh4 Qxh4+ 31. Kg2 Qh3# 0-1

[Event "2nd BEHIN BAZAFARIN-Tehran"]
[Site "Tehran"]
[Date "2014.11.15"]
[Round "1.12"]
[White "Nadanian, Ashot"]
[Black "Ali Babaei, Sasan"]
[Result "1-0"]
[WhiteElo "2385"]
[BlackElo "1733"]
[Annotator "www.Chessboard.ir"]
[PlyCount "79"]
[EventDate "2014.??.??"]
[EventRounds "2"]
[EventCountry "IRI"]

1. e4 {[%emt 0:00:00]} e5 {[%emt 0:00:04]} 2. Nf3 Nc6 3. Bb5 Bc5 4. d3 Nf6 5.
O-O d6 6. c3 O-O 7. Bg5 h6 8. Bh4 g5 9. Nxg5 hxg5 10. Bxg5 Kg7 11. Qf3 Rg8 12.
Nd2 Qe7 13. Nc4 a6 14. Bxc6 bxc6 15. Ne3 Be6 16. Rae1 Bb6 17. h4 Rh8 18. g3 c5
19. h5 Rxh5 20. Bxf6+ Qxf6 21. Qxh5 Rh8 22. Nf5+ Kf8 23. Qf3 Bxf5 24. Qxf5 Qh6
25. Kg2 Qh2+ 26. Kf3 c4 27. dxc4 Rh3 28. Qg5 Rh5 29. Qd2 Rh3 30. Qg5 c6 31. Ke2
Qg2 32. Qg4 Rh2 33. Qf3 Qh3 34. Rh1 Rxh1 35. Rxh1 Qe6 36. b3 d5 37. cxd5 cxd5
38. exd5 Qg6 39. Kf1 e4 40. Qf4 1-0

[Event "2nd BEHIN BAZAFARIN-Tehran"]
[Site "Tehran"]
[Date "2014.11.15"]
[Round "1.13"]
[White "Karimi, Peyman"]
[Black "Petrosian, Davit G"]
[Result "0-1"]
[WhiteElo "1733"]
[BlackElo "2382"]
[Annotator "www.Chessboard.ir"]
[PlyCount "74"]
[EventDate "2014.??.??"]
[EventRounds "2"]
[EventCountry "IRI"]

1. c4 Nf6 2. Nc3 g6 3. d4 Bg7 4. e4 d6 5. Bd3 O-O 6. Nge2 c5 7. d5 a6 8. O-O b5
9. cxb5 Nbd7 10. f4 Qb6 11. Kh1 axb5 12. Bxb5 Nxe4 13. Nxe4 Qxb5 14. N2c3 Qa6
15. Be3 Nf6 16. Nxf6+ Bxf6 17. Qd2 Bf5 18. Rfd1 Rfb8 19. b3 Qa5 20. Rdc1 Qb4
21. h3 h5 22. Kh2 Ra3 23. Qe1 c4 24. Bd2 cxb3 25. axb3 Rxa1 26. Rxa1 Rc8 27.
Rc1 Qxb3 28. Ne4 Bd4 29. Rxc8+ Bxc8 30. Ng5 Kf8 31. Qc1 Bb7 32. Qc7 Qxd5 33.
Nf3 Bf6 34. f5 g5 35. Qd7 g4 36. Bh6+ Kg8 37. Ne1 Qe5+ 0-1

[Event "2nd BEHIN BAZAFARIN-Tehran"]
[Site "Tehran"]
[Date "2014.11.15"]
[Round "1.14"]
[White "Javanbakht, Nima"]
[Black "Shaghaghi, Gholamreza"]
[Result "1-0"]
[WhiteElo "2379"]
[BlackElo "1731"]
[Annotator "www.Chessboard.ir"]
[PlyCount "59"]
[EventDate "2014.??.??"]
[EventRounds "2"]
[EventCountry "IRI"]

1. d4 {[%emt 0:00:00]} Nf6 2. c4 g6 3. Nc3 Bg7 4. e4 d6 5. f3 O-O 6. Be3 c6 7.
Bd3 e5 8. d5 Nh5 9. Nge2 f5 10. exf5 gxf5 11. Qd2 f4 12. Bf2 Qg5 13. g4 Bxg4
14. Rg1 Qe7 15. Rxg4 Nf6 16. Bh4 Nbd7 17. O-O-O Qf7 18. Bxf6 Nxf6 19. Rg2 Kh8
20. Rdg1 Bh6 21. Ne4 Rfd8 22. Nxf6 Qxf6 23. Nc3 cxd5 24. Nxd5 Qf7 25. Qe1 Rg8
26. Qh4 Rxg2 27. Rxg2 Rg8 28. Rxg8+ Qxg8 29. Qxh6 Qg1+ 30. Kc2 1-0

[Event "2nd BEHIN BAZAFARIN-Tehran"]
[Site "Tehran"]
[Date "2014.11.15"]
[Round "1.15"]
[White "Poormosavi, Seyed Kian"]
[Black "Sharbaf, Mohsen"]
[Result "0-1"]
[WhiteElo "1728"]
[BlackElo "2367"]
[Annotator "www.Chessboard.ir"]
[PlyCount "36"]
[EventDate "2014.??.??"]
[EventRounds "2"]
[EventCountry "IRI"]

1. Nf3 {[%emt 0:00:00]} g6 2. g3 Bg7 3. Bg2 e5 4. d3 f5 5. c4 d6 6. O-O Nf6 7.
Nbd2 O-O 8. Re1 h6 9. Qc2 g5 10. e4 f4 11. Nb3 c5 12. Nfd2 Nc6 13. Nb1 Qe8 14.
Nc3 Qh5 15. Nd5 Ng4 16. h3 fxg3 17. fxg3 Nf2 18. Kh2 Bxh3 0-1

[Event "2nd BEHIN BAZAFARIN-Tehran"]
[Site "Tehran"]
[Date "2014.11.15"]
[Round "1.17"]
[White "Hashemi, Sayyed Hessam"]
[Black "Tabatabaei, M.Amin"]
[Result "0-1"]
[WhiteElo "1717"]
[BlackElo "2353"]
[Annotator "www.Chessboard.ir"]
[PlyCount "76"]
[EventDate "2014.??.??"]
[EventRounds "2"]
[EventCountry "IRI"]

1. e4 {[%emt 0:00:00]} c5 2. Nf3 d6 3. d4 cxd4 4. Nxd4 Nf6 5. Nc3 a6 6. Be2 e6
7. O-O Be7 8. Be3 O-O 9. Qd2 Qc7 10. Bf3 Nbd7 11. Be2 b5 12. f3 Bb7 13. a4 b4
14. Na2 d5 15. exd5 Nxd5 16. Bf2 Rfd8 17. c3 bxc3 18. Nxc3 Nf4 19. Bd1 Nc5 20.
Qc2 Ncd3 21. Nb3 Nxf2 22. Qxf2 Nd3 23. Qe2 Rac8 24. Ne4 Qb6+ 25. Nf2 Bh4 26. g3
Bf6 27. a5 Qa7 28. Kg2 Nxb2 29. Ng4 Bc3 30. Rb1 Bd5 31. Rxb2 Bc4 32. Qf2 Bxf1+
33. Qxf1 Bxb2 34. Nf2 Qb7 35. Qe2 Bf6 36. Nd2 Qb2 37. Nd3 Rxd3 38. Qxd3 Rd8 0-1

[Event "2nd BEHIN BAZAFARIN-Tehran"]
[Site "Tehran"]
[Date "2014.11.15"]
[Round "1.18"]
[White "Mosadeghpour, Masoud"]
[Black "Bidelan, Mohamad Javad"]
[Result "1-0"]
[WhiteElo "2347"]
[BlackElo "1709"]
[Annotator "www.Chessboard.ir"]
[PlyCount "53"]
[EventDate "2014.??.??"]
[EventRounds "2"]
[EventCountry "IRI"]

1. e4 {[%emt 0:00:00]} e6 2. d4 d5 3. exd5 exd5 4. Nf3 Bd6 5. c4 c6 6. Nc3 Ne7
7. c5 Bc7 8. Bd3 Bf5 9. O-O Bxd3 10. Qxd3 h6 11. b4 a6 12. a4 Nd7 13. Rb1 b5
14. cxb6 Nxb6 15. Re1 Qd7 16. Qe2 Nc4 17. b5 axb5 18. axb5 Bd6 19. bxc6 Qxc6
20. Nb5 Kf8 21. Nxd6 Qxd6 22. Nd2 Na5 23. Ra1 Qd8 24. Ba3 Ra7 25. Bxe7+ Rxe7
26. Qxe7+ Qxe7 27. Rxe7 1-0

[Event "2nd BEHIN BAZAFARIN-Tehran"]
[Site "Tehran"]
[Date "2014.11.15"]
[Round "1.19"]
[White "Torkaman, Payam"]
[Black "Mousavi, Seyed Khalil"]
[Result "0-1"]
[WhiteElo "1707"]
[BlackElo "2339"]
[Annotator "www.Chessboard.ir"]
[PlyCount "42"]
[EventDate "2014.??.??"]
[EventRounds "2"]
[EventCountry "IRI"]

1. e4 {[%emt 0:00:00]} e6 2. d4 d5 3. Nc3 Bb4 4. e5 c5 5. a3 Bxc3+ 6. bxc3 Ne7
7. f4 Nbc6 8. Nf3 Nf5 9. Bb5 cxd4 10. Bxc6+ bxc6 11. cxd4 Ba6 12. Kf2 c5 13. c3
Qa5 14. Bd2 O-O 15. g4 Ne7 16. Rb1 Bd3 17. Rb7 Nc6 18. Re1 Qa6 19. Rd7 Rfd8 20.
Rxd8+ Rxd8 21. Qc1 Rb8 0-1

[Event "2nd BEHIN BAZAFARIN-Tehran"]
[Site "Tehran"]
[Date "2014.11.15"]
[Round "1.20"]
[White "Grabliauskas, Virginijus"]
[Black "Farokhfar, S Ahmad"]
[Result "1-0"]
[WhiteElo "2337"]
[BlackElo "1705"]
[Annotator "www.Chessboard.ir"]
[PlyCount "63"]
[EventDate "2014.??.??"]
[EventRounds "2"]
[EventCountry "IRI"]

1. d4 {[%emt 0:00:00]} Nf6 2. c4 e6 3. g3 d5 4. Nf3 Be7 5. Bg2 O-O 6. O-O Nbd7
7. Qc2 c6 8. Nbd2 b6 9. e4 Bb7 10. e5 Ne8 11. cxd5 cxd5 12. Re1 Rc8 13. Qd3 Qc7
14. Qe3 Ba6 15. h4 Qc2 16. Ng5 Bxg5 17. Qxg5 h6 18. Qg4 Bd3 19. Nf1 Bf5 20. Qf4
Bg6 21. Ne3 Qa4 22. Bd2 Nc7 23. Nd1 Nb5 24. Bf1 a6 25. Nc3 Nxc3 26. Bxc3 b5 27.
b3 Qa3 28. Qd2 a5 29. Bxb5 Nb8 30. Rac1 Nc6 31. Bxc6 Rxc6 32. Bb2 1-0

[Event "2nd BEHIN BAZAFARIN-Tehran"]
[Site "Tehran"]
[Date "2014.11.16"]
[Round "2.1"]
[White "Amonatov, Farrukh"]
[Black "Noori, Mehrab"]
[Result "1-0"]
[WhiteElo "2608"]
[BlackElo "2009"]
[Annotator "www.Chessboard.ir"]
[PlyCount "59"]
[EventDate "2014.??.??"]
[EventRounds "2"]
[EventCountry "IRI"]
[WhiteClock "1:13:30"]
[BlackClock "0:01:15"]

1. e4 c5 2. Nf3 d6 3. d4 cxd4 4. Nxd4 Nf6 5. Nc3 a6 6. h3 e6 7. g4 Be7 8. g5
Nfd7 9. h4 b5 10. Bg2 Bb7 11. f4 Nc6 12. Be3 b4 13. Nxc6 Bxc6 14. Ne2 Qc7 15.
Nd4 Bb7 16. Qe2 Rc8 17. O-O O-O 18. a3 bxa3 19. Rxa3 Qb8 20. f5 e5 21. f6 Bd8
22. fxg7 Re8 23. Nf5 Nc5 24. Nh6+ Kxg7 25. Rxf7+ Kh8 26. Qh5 Bxe4 27. Bxe4 Nxe4
28. Rxh7+ Kxh7 29. Nf5+ Kg8 30. Qxe8+ 1-0

[Event "2nd BEHIN BAZAFARIN-Tehran"]
[Site "Tehran"]
[Date "2014.11.16"]
[Round "2.2"]
[White "Abed, Meisam"]
[Black "Korneev, Oleg"]
[Result "0-1"]
[WhiteElo "2013"]
[BlackElo "2588"]
[Annotator "www.Chessboard.ir"]
[PlyCount "56"]
[EventDate "2014.??.??"]
[EventRounds "2"]
[EventCountry "IRI"]
[WhiteClock "0:23:54"]
[BlackClock "0:09:49"]

1. Nf3 d5 2. d4 Nf6 3. c4 e6 4. g3 dxc4 5. Qa4+ Nbd7 6. Qxc4 a6 7. Bg2 c5 8.
O-O b5 9. Qc2 Bb7 10. a4 cxd4 11. axb5 axb5 12. Rxa8 Qxa8 13. Qd3 Be4 14. Qxb5
Bxb1 15. Ne5 Be4 16. Bg5 Qb7 17. Qxb7 Bxb7 18. Bxb7 Nxe5 19. Ra1 Be7 20. Ra5
Ng6 21. Bc6+ Kd8 22. Ra7 Nd5 23. Bd2 Bb4 24. Bc1 Nge7 25. Ra8+ Nc8 26. Ra4 Bc5
27. Rc4 Bb6 28. b4 Nd6 0-1

[Event "2nd BEHIN BAZAFARIN-Tehran"]
[Site "Tehran"]
[Date "2014.11.16"]
[Round "2.3"]
[White "Ghaem Maghami, Ehsan"]
[Black "Hakimifard, Raana"]
[Result "1-0"]
[WhiteElo "2559"]
[BlackElo "2001"]
[Annotator "www.Chessboard.ir"]
[PlyCount "45"]
[EventDate "2014.??.??"]
[EventRounds "2"]
[EventCountry "IRI"]

1. Nf3 Nf6 2. c4 c5 3. Nc3 d5 4. cxd5 Nxd5 5. e3 Nc6 6. d4 e6 7. Bd3 Be7 8. O-O
O-O 9. a3 b6 10. Qc2 g6 11. dxc5 bxc5 12. Be4 f5 13. Bxd5 exd5 14. Rd1 Be6 15.
Ne2 Qd6 16. b3 Bf6 17. Bb2 Bxb2 18. Qxb2 Rab8 19. Nf4 d4 20. Nxe6 Qxe6 21. exd4
Rxb3 22. Qa2 Nxd4 23. Rxd4 1-0

[Event "2nd BEHIN BAZAFARIN-Tehran"]
[Site "Tehran"]
[Date "2014.11.16"]
[Round "2.4"]
[White "Sedghi, Babak"]
[Black "Malakhatko, Vadim"]
[Result "0-1"]
[WhiteElo "2009"]
[BlackElo "2533"]
[Annotator "www.Chessboard.ir"]
[PlyCount "52"]
[EventDate "2014.??.??"]
[EventRounds "2"]
[EventCountry "IRI"]
[WhiteClock "0:12:36"]
[BlackClock "0:54:37"]

1. d4 Nf6 2. c4 e6 3. Nc3 Bb4 4. f3 d5 5. a3 Bxc3+ 6. bxc3 c5 7. e3 Qc7 8. Qc2
O-O 9. cxd5 exd5 10. Bd3 Re8 11. Ne2 c4 12. Bf5 Bxf5 13. Qxf5 Nc6 14. Kf2 Na5
15. g4 Nb3 16. g5 Nh5 17. Rb1 Qe7 18. Re1 Nxc1 19. Nxc1 Rad8 20. a4 g6 21. Qg4
Rd6 22. e4 f5 23. Qh4 fxe4 24. fxe4 Rf8+ 25. Kg1 Rf4 26. exd5 Qd7 0-1

[Event "2nd BEHIN BAZAFARIN-Tehran"]
[Site "Tehran"]
[Date "2014.11.16"]
[Round "2.5"]
[White "Noroozi, Reza"]
[Black "Darini, Pouria"]
[Result "1/2-1/2"]
[WhiteElo "1994"]
[BlackElo "2458"]
[Annotator "www.Chessboard.ir"]
[PlyCount "132"]
[EventDate "2014.??.??"]
[EventRounds "2"]
[EventCountry "IRI"]
[WhiteClock "1:10:23"]
[BlackClock "0:00:32"]

1. d4 Nf6 2. c4 g6 3. Nc3 d5 4. Bf4 Bg7 5. e3 O-O 6. Nf3 c5 7. dxc5 Qa5 8. Rc1
dxc4 9. Bxc4 Qxc5 10. Bb3 Nc6 11. O-O Qa5 12. h3 Bf5 13. Qe2 Ne4 14. Nd5 e5 15.
Bh2 Be6 16. Rfd1 Rad8 17. Qc4 Nd4 18. exd4 Bxd5 19. Qc2 Bh6 20. Bxd5 Qxd5 21.
dxe5 Qc5 22. Qxc5 Nxc5 23. Rb1 Na4 24. Rd6 Rc8 25. Rd7 Nc5 26. Re7 Rfd8 27. b4
Bf8 28. Rxf7 Kxf7 29. bxc5 Ke8 30. Bf4 Bxc5 31. Rxb7 Rd7 32. Rb2 Ba3 33. Rb1
Bc1 34. Bg3 Bh6 35. Kh2 Rc6 36. Rb8+ Rd8 37. Rb7 Rd7 38. Rb8+ Rd8 39. Rb7 Rd7
40. Rb8+ Ke7 41. Bh4+ Ke6 42. Re8+ Kd5 43. Bg3 Re6 44. Rb8 Ra6 45. Re8 Re6 46.
Rb8 Kc4 47. a3 Kc5 48. a4 Kc4 49. h4 Rb6 50. Re8 Kd5 51. Kh3 Ra6 52. Kh2 Rc6
53. Kh3 Re6 54. Rb8 Ra6 55. Re8 Bc1 56. Kh2 Ba3 57. Ng5 Rxa4 58. Rh8 h5 59. Rg8
Bb2 60. e6 Re7 61. Rd8+ Kc6 62. Rc8+ Kd5 63. Rd8+ Kc6 64. Rc8+ Kd5 65. Rd8+ Kc6
66. Bd6 Rxh4+ 1/2-1/2

[Event "2nd BEHIN BAZAFARIN-Tehran"]
[Site "Tehran"]
[Date "2014.11.16"]
[Round "2.6"]
[White "Alavi, Sayed Javad"]
[Black "Abedini, Morteza"]
[Result "1-0"]
[WhiteElo "2458"]
[BlackElo "1992"]
[Annotator "www.Chessboard.ir"]
[PlyCount "81"]
[EventDate "2014.??.??"]
[EventRounds "2"]
[EventCountry "IRI"]
[WhiteClock "0:32:44"]
[BlackClock "0:47:53"]

1. Nf3 d5 2. d4 Nf6 3. c4 e6 4. Nc3 Be7 5. Bg5 O-O 6. e3 h6 7. Bxf6 Bxf6 8. Rc1
b6 9. cxd5 exd5 10. Bd3 Bb7 11. b4 c6 12. Qb3 Re8 13. O-O a5 14. a3 b5 15. e4
axb4 16. axb4 dxe4 17. Nxe4 Na6 18. Rfd1 Nc7 19. Ne5 Ne6 20. Nc5 Bxe5 21. dxe5
Nxc5 22. Rxc5 Qh4 23. Bg6 Re6 24. Bf5 Re7 25. g3 Qg5 26. Qf3 g6 27. Bc2 h5 28.
e6 f5 29. h4 Qf6 30. Qf4 Ra1 31. Rxa1 Qxa1+ 32. Kh2 Kg7 33. Bxf5 Qf6 34. Bh3
Qxf4 35. gxf4 Ba8 36. f5 Ra7 37. fxg6 Kxg6 38. Rg5+ Kf6 39. Rxh5 Ra2 40. Rh6+
Kg7 41. e7 1-0

[Event "2nd BEHIN BAZAFARIN-Tehran"]
[Site "Tehran"]
[Date "2014.11.16"]
[Round "2.7"]
[White "Derakhshani, Borna"]
[Black "Harutjunyan, Gevorg"]
[Result "0-1"]
[WhiteElo "1979"]
[BlackElo "2451"]
[Annotator "www.Chessboard.ir"]
[PlyCount "54"]
[EventDate "2014.??.??"]
[EventRounds "2"]
[EventCountry "IRI"]
[WhiteClock "0:34:51"]
[BlackClock "0:19:15"]

1. e4 c6 2. d4 d5 3. Nc3 dxe4 4. Nxe4 Bf5 5. Ng3 Bg6 6. Nh3 e6 7. Nf4 Qh4 8. c3
Nd7 9. Be3 Nh6 10. Be2 Bd6 11. Qc1 Qe7 12. O-O Nf5 13. Nxf5 Bxf5 14. c4 Rc8 15.
c5 Bb8 16. b4 O-O 17. Nd3 e5 18. dxe5 Nxe5 19. Nb2 Rfe8 20. Rd1 Bg4 21. Re1
Bxe2 22. Rxe2 Qh4 23. f4 Ng4 24. g3 Qh5 25. Qd2 Rcd8 26. Nd3 Qg6 27. Rd1 Qe4
0-1

[Event "2nd BEHIN BAZAFARIN-Tehran"]
[Site "Tehran"]
[Date "2014.11.16"]
[Round "2.8"]
[White "Toufighi, Homayoon"]
[Black "Ghaffarifar, Matin"]
[Result "1-0"]
[WhiteElo "2440"]
[BlackElo "1986"]
[Annotator "www.Chessboard.ir"]
[PlyCount "79"]
[EventDate "2014.??.??"]
[EventRounds "2"]
[EventCountry "IRI"]

1. d4 Nf6 2. Nf3 e6 3. Bg5 Be7 4. Bxf6 Bxf6 5. e4 d6 6. Nbd2 Nd7 7. Bd3 b6 8.
Qe2 e5 9. dxe5 dxe5 10. O-O-O Bb7 11. Ba6 Bxa6 12. Qxa6 Nc5 13. Qc4 Qe7 14. b4
Nd7 15. Qxc7 O-O 16. Nb3 Rfd8 17. Rd5 Rac8 18. Qb7 Nc5 19. Qxe7 Nxb3+ 20. Kb2
Bxe7 21. Kxb3 f6 22. Rhd1 Rxd5 23. Rxd5 Rc7 24. c4 Kf7 25. a4 Ke6 26. Ne1 g6
27. Nd3 Bd6 28. c5 Be7 29. Kc4 a6 30. b5 a5 31. f4 exf4 32. Nxf4+ Kf7 33. c6 g5
34. Ne2 Bb4 35. Nd4 Ke7 36. g4 Ba3 37. e5 Bb4 38. e6 Ba3 39. Rd7+ Rxd7 40. exd7
1-0

[Event "2nd BEHIN BAZAFARIN-Tehran"]
[Site "Tehran"]
[Date "2014.11.16"]
[Round "2.9"]
[White "Falah, Mehdi"]
[Black "Pourramezanali, Amirreza"]
[Result "0-1"]
[WhiteElo "1964"]
[BlackElo "2414"]
[Annotator "www.Chessboard.ir"]
[PlyCount "126"]
[EventDate "2014.??.??"]
[EventRounds "2"]
[EventCountry "IRI"]
[WhiteClock "0:01:49"]
[BlackClock "0:31:42"]

1. e4 d6 2. d4 Nf6 3. Nc3 g6 4. f3 Bg7 5. Be3 O-O 6. Qd2 e5 7. Nge2 exd4 8.
Nxd4 d5 9. O-O-O dxe4 10. fxe4 c6 11. Be2 Ng4 12. Bxg4 Bxg4 13. Rdf1 Nd7 14.
Bh6 Ne5 15. Bxg7 Kxg7 16. h3 Nc4 17. Qf2 Qg5+ 18. Qf4 Qxf4+ 19. Rxf4 Bd7 20. b3
Ne5 21. Rhf1 Rae8 22. g4 h6 23. Nf3 Nxf3 24. R4xf3 Re5 25. Rf4 h5 26. gxh5 Rxh5
27. h4 Be6 28. Ne2 Rd8 29. Rd1 Rxd1+ 30. Kxd1 Kf8 31. Kd2 Ke7 32. Ke3 Ra5 33.
a4 Rc5 34. Nd4 Rc3+ 35. Kd2 Rh3 36. Nf3 Rg3 37. Ke3 Rg2 38. Nd4 Bg4 39. Rf2
Rxf2 40. Kxf2 Kd6 41. Ke3 a5 42. c3 f6 43. Nf3 b5 44. Kf4 Be6 45. Nd2 Bf7 46.
Ke3 g5 47. hxg5 fxg5 48. Kf3 Bh5+ 49. Ke3 Bd1 50. axb5 cxb5 51. c4 b4 52. Kd4
g4 53. e5+ Kc6 54. e6 g3 55. Ke3 Kd6 56. Ne4+ Kxe6 57. Nxg3 Ke5 58. Kd3 Bxb3
59. Ne2 Ba2 60. Nc1 Bb1+ 61. Kd2 a4 62. Ne2 a3 63. Kc1 Bd3 0-1

[Event "2nd BEHIN BAZAFARIN-Tehran"]
[Site "Tehran"]
[Date "2014.11.16"]
[Round "2.10"]
[White "Mahjoob, Morteza"]
[Black "Nikzaban, Ehsan"]
[Result "1-0"]
[WhiteElo "2412"]
[BlackElo "1976"]
[Annotator "www.Chessboard.ir"]
[PlyCount "33"]
[EventDate "2014.??.??"]
[EventRounds "2"]
[EventCountry "IRI"]

1. Nf3 Nf6 2. c4 c5 3. Nc3 Nc6 4. g3 e6 5. Bg2 Be7 6. O-O O-O 7. d4 cxd4 8.
Nxd4 Qc7 9. Ndb5 Qb8 10. Bf4 e5 11. Bg5 a6 12. Bxf6 Bxf6 13. Nd6 Bd8 14. e3 Ne7
15. c5 Ra7 16. Nd5 b6 17. cxb6 1-0